Využitie sociálnych médií v marketingu firiem bakalárska práca
Guardado en:
| Autor principal: | |
|---|---|
| Autor Corporativo: | |
| Otros Autores: | |
| Formato: | Libro |
| Lenguaje: | eslovaco |
| Publicado: |
Bratislava
2017
|
| Etiquetas: |
Sin Etiquetas, Sea el primero en etiquetar este registro!
|
MARC
| LEADER | 00000nbm a2200000 4500 | ||
|---|---|---|---|
| 001 | 0232794 | ||
| 005 | 20171003100814.7 | ||
| 041 | 0 | |a slo | |
| 044 | |a SK | ||
| 245 | 1 | 0 | |a Využitie sociálnych médií v marketingu firiem |b bakalárska práca |c Františka Bilková ; školiteľ: Oľga Škvarčeková |
| 264 | 1 | |a Bratislava |c 2017 | |
| 300 | |a 65 s. | ||
| 100 | 1 | |a Bilková, Františka | |
| 700 | 1 | |a Škvarčeková, Oľga | |
| 710 | 2 | |a Obchodná fakulta EU. Katedra informatiky obchodných firiem | |